Normal view
MARC view
Entry Topical Term
001 - CONTROL NUMBER
- control field: 14650
003 - CONTROL NUMBER IDENTIFIER
- control field: ARRUPE
005 - DATE AND TIME OF LATEST TRANSACTION
- control field: 20150126170928.0
008 - FIXED-LENGTH DATA ELEMENTS
- fixed length control field: 150126|| aca||aabn | a|a d
040 ## - CATALOGING SOURCE
- Original cataloging agency: ARRUPE
- Transcribing agency: ARRUPE
150 ## - HEADING--TOPICAL TERM
- Topical term or geographic name as entry element: Efferent pathways.
670 ## - SOURCE DATA FOUND
- Source citation: Work cat.: (ARRUPE)0: Jeannerod, Marc. 14648, The cognitive neuroscience of action /, 1997.